=LDR 00000nam 2200000 4500 =001 NUTBA000000000002949 =005 20140712121453.0 =006 =007 =008 =035 ##$$a 0010-071400000000137 =082 ##$$a 641.865 4 =100 ##$$a DAPUR KIRANA =245 ##$$a SWISS ROLL =260 ##$$a JAKARTA $b GRAMEDIA PUSTAKA UTAMA $c 2011 =850 ##$$a NBPNMAT =990 ##$$a 21400613/BPAP-NTB/20142014